| 000 | 01346nam a22002417a 4500 | ||
|---|---|---|---|
| 999 |
_c56755 _d56755 |
||
| 003 | Ge_BSU | ||
| 005 | 20190423114642.0 | ||
| 008 | 190418s2005 ge ||||| |||| 00| 0 geo d | ||
| 020 | _a9994071424 | ||
| 020 | _a9994071440 | ||
| 041 | _ageo | ||
| 080 | _a342.727(479.22) გ-19 | ||
| 100 |
_aკინწურაშვილი, თამარ _9238 |
||
| 245 |
_aგამოხატვის თავისუფლება : _bტ. 2 : გამოხატვის თავისუფლება საქართველოში / _cავტ.ჯგუფი: კინწურაშვილი თამარ, რამიშვილი ლევან, კოტეტიშვილი ირაკლი ; რედ: თამარ კინწურაშვილი. |
||
| 264 |
_aთბილისი : _bთავისუფლების ინსტიტუტი, _c2005. |
||
| 300 |
_a566 გვ. ; _b25 სმ. |
||
| 653 | _aსამოქალაქო უფლებები საქართველოში | ||
| 653 | _aგამოხატვის თავისუფლება. | ||
| 653 | _aსამართალი | ||
| 700 |
_aრამიშვილი, ლევან _9239 |
||
| 700 |
_aკოტეტიშვილი, ირაკლი _9237 |
||
| 942 |
_2udc _cBK |
||